000 00300nam a2200121Ia 4500
008 190216s9999||||xx |||||||||||||| ||und||
100 _aLawrence J Gitman
245 0 _aPrinciples Of Managerial Finance
260 _bHarper International Std
_c1979
300 _a926
650 _aCommerce
942 _cBK
999 _c6187
_d6187